Disney Villains With Funny Defeats - Statistics

General Stats
  • This quiz has been taken 36 times
  • The average score is 7 of 15
Answer Stats
Hint Answer % Correct
Chased away by the crocodile Captain Hook
100%
Punched by Anna and knocked into the water. Later, deported back to his country Prince Hans
87%
Throws a tantrum and sobs like a maniac after losing the puppies, surrounded by the wreckage of her car and her henchmen's van Cruella De Vil
73%
Scared by the toys Sid Phillips
63%
Turned into a kitty cat Yzma
63%
Beaten up by Mickey, Donald and Goofy Peg-Leg Pete
60%
Ran away with his tail tied to a burning tree branch Shere Khan
53%
Strapped to the grill of a garbage truck Lots-o'-Huggin' Bear
50%
Becomes the toy of a little girl named Amy who, according to her Barbie doll, is an artist Stinky Pete
40%
Locked in a trunk and shipped to Timbuktu Edgar Balthazar
30%
Booed off stage after cheating in the race Chick Hicks
27%
Locked in a food locker by the rats bound and gagged with the health inspector Chef Skinner
23%
Becomes sick with a disease and is last seen in bed recovering from sickness Madam Mim
20%
Sent flying into a blimp by Tank Bradley Uppercrust III
10%
Sent tumbling upside-down in a barrel The Ringmaster
7%
No matching quizzes found
Score Distribution
Percent of People with Each Score
Percentile by Number Answered
Your Score History
You have not taken this quiz